=LDR 00000nam 2200000 4500 =001 INLIS000000000008789 =005 20230621115232 =035 ##$$a 0010-0323000049 =001 INLIS000000000008789 =005 20230320042522 =035 ##$$a 0010-0323000049 =035 ##$$a 0010-0323000049 =035 ##$$a 0010-0323000049 =007 ta =008 230621################|##########|#|## =082 ##$$a 050.11 =084 ##$$a 050.11 NIP =245 ##$$a Niponica : $b Discovering Japan Special Feature Tokyo: The Ultimate Gourmet Experience =260 ##$$a Japan :$b Ministry of Foreign Affairs of Japan,$c 2020 =300 ##$$a 27 halaman : $b gambar ; $c 21x29 cm =650 #4$$a Niponica 2020 =650 #4$$a Majalah 2020 =520 ##$$a Tokyo: The Ultimate Gourmet Experience =856 ##$$a OPAC (Rak Majalah 2020) =505 ##$$a Contents: Special Feature Tokyo: The Ultimate Gourmet Experiance; Japanese Cuisine for the Seasons; Traditional Japanese Cuisine over the Centuries; A Heritage of Skills from Old Edo; Surprisingly Diverse Produce Grown in Tokyo; Savoring Tokyo in a Day; Okubo: Crossroads of Asian Cuisine; Local Production for Local Consumption in Ginza; Tokyo's Unique Culture of Bread; Strolling Japan Ueno; Souvenirs of Japan Food Replica Lifestyle Accessories. =250 ##$$a No. 28 =990 ##$$a 08/MJ-20